Lecciones de filosofía del derecho

Shranjeno v:
Bibliografske podrobnosti
Glavni avtor: Preciado Hernández, Rafael (Author)
Format: Knjiga
Jezik:španščina
Izdano: Ciudad de México Universidad Nacional Autónoma de México 1982
Serija:Textos Universitarios
Teme:
Oznake: Označite
Brez oznak, prvi označite!

MARC

LEADER 00000nam a2200000 a 4500
001 UCR0295
003 CL-VaPUC
008 971129e19820000MX |||||||||||||||||spa|d
082 0 4 |a 340.1  |b HER  |2 21 
100 |a Preciado Hernández, Rafael   |e author  |9 395773 
245 1 0 |a Lecciones de filosofía del derecho 
300 |a 313 p 
942 |c BK 
945 |d 19971129 00:00:00  |a aolguin 
260 |a Ciudad de México  |b Universidad Nacional Autónoma de México  |c 1982 
650 0 |a Filosofía del derecho   |9 255050 
650 7 |a METODO FILOSOFICO  |2 CL-VaPUC  |9 394353 
650 0 |a Ordenamiento jurídico   |9 355371 
650 7 |a NORMA  |2 CL-VaPUC  |9 381385 
650 0 |a Normas jurídicas  |9 258310 
650 7 |a ORDEN SOCIAL  |2 CL-VaPUC  |9 384516 
650 0 |a Derecho positivo  |9 255911 
650 7 |a TRATO SOCIAL  |2 CL-VaPUC  |9 395774 
650 0 |a Ética  |9 255099 
650 0 |a Relaciones sociales  |9 376480 
650 0 |a Bien  |9 335293 
650 0 |a Voluntad  |9 307812 
650 0 |a Bien común   |9 346393 
650 0 |a Justicia   |9 255408 
650 0 |a Seguridad jurídica  |9 257802 
650 0 |a Derecho natural   |9 255041 
583 |a last modification  |c 19971129 00:00:00  |k Rodrigo Vera 
490 0 |a Textos Universitarios 
999 |c 263839  |d 263837 
952 |0 0  |1 0  |4 0  |6 340_100000000000000_HER_1982  |7 0  |8 DER_TF  |9 293323  |a BIBDER  |b BIBDER  |d 2019-11-19  |i 1898485  |o 340.1 HER 1982  |p 1898485  |r 2023-01-25  |w 2019-11-19  |x Ubicación 4to Piso  |y BK  |z Estos recursos deben solicitarse con anticipación  |k DER